header

The theory of composites (Record no. 22608)

MARC details
000 -LEADER
fixed length control field 01391nam a22003374a 4500
082 04 - DEWEY DECIMAL CLASSIFICATION NUMBER
Classification number 620.1/18
100 1# - MAIN ENTRY--AUTHOR NAME
Personal name Milton, Graeme Walter,
245 14 - TITLE STATEMENT
Title The theory of composites
260 ## - PUBLICATION, DISTRIBUTION, ETC. (IMPRINT)
Place of publication Cambridge ;
-- New York :
Name of publisher Cambridge University Press,
Year of publication 2002.
300 ## - PHYSICAL DESCRIPTION
Number of Pages xxviii, 719 p. :
Other physical details ill.
490 1# - SERIES STATEMENT
Series statement Cambridge monographs on applied and computational mathematics ;
650 #0 - SUBJECT ADDED ENTRY--TOPICAL TERM
Topical Term Composite materials.
Topical Term Differential equations, Partial.
Topical Term Homogenization (Differential equations)
856 40 - ELECTRONIC LOCATION AND ACCESS
Uniform Resource Identifier http://site.ebrary.com/lib/rucke/Doc?id=10023383

No items available.

© 2026 Rongo University
Contact us: librarian | system librarian | Rongo university